|
|
|
|
| LEADER |
00000nkm a2200000 a 4500 |
| 001 |
vtls010692703 |
| 003 |
SK-MaSNL |
| 005 |
20260512130220.0 |
| 007 |
kp bo |
| 008 |
231214q1953 xo |g||||| |00 kuslo |
| 015 |
|
|
|a SNBG
|
| 035 |
|
|
|a 1B0EBF65-99A1-4443-B01A-BF3B2BDFE656
|
| 035 |
|
|
|a urn:nbn:sk:snk-kmxyie
|
| 035 |
|
|
|a urn:nbn:sk:snk-km007a7w
|
| 040 |
|
|
|a SNK
|b slo
|c SNK
|e AACR2
|
| 041 |
0 |
|
|a slo
|
| 043 |
|
|
|a e-xo---
|
| 044 |
|
|
|a xo
|c SK
|
| 080 |
|
|
|a 913(437.6)
|2 2001
|
| 080 |
|
|
|a (437.6)
|2 2001
|
| 080 |
|
|
|a (084.121)
|2 2001
|
| 245 |
0 |
0 |
|a Vysoké Tatry
|h grafika
|b Štrbské pleso 1351 m : Kôpky 2326 m : Vysoká 2565 m : Osterva 1984 m : Tupá 2293 m : Končistá 2540 m
|
| 260 |
|
|
|a Bratislava
|b Tvar
|c [1953]
|
| 300 |
|
|
|a 1 pohľadnica
|b čiernobiela
|c 9 x 14 cm
|
| 651 |
|
7 |
|a Vysoké Tatry (Poľsko a Slovensko : pohorie)
|2 SNKPHgeo
|9 67729
|
| 651 |
|
7 |
|a Štrbské pleso (Vysoké Tatry, Slovensko)
|2 SNKPH
|9 174793
|
| 651 |
|
7 |
|a Kôpky (Vysoké Tatry, Slovensko : štít)
|2 SNKPH
|9 160437
|
| 651 |
|
7 |
|a Vysoká (Vysoké Tatry, Slovensko : vrch)
|2 SNKPH
|9 160560
|
| 651 |
|
7 |
|a Ostrva (Vysoké Tatry, Slovensko : štít)
|2 SNKPH
|9 56943
|
| 655 |
|
7 |
|a miestne pohľadnice
|2 SNKPH
|9 70510
|
| 852 |
|
|
|a Slovenská národná knižnica
|
| 958 |
|
|
|a GC
|
| 958 |
|
|
|a GBN
|
| 958 |
|
|
|a OND
|
| 999 |
|
|
|c 1185721
|d 1187651
|
| 952 |
|
|
|a SNK
|b SNK
|y PREZ
|7 0
|p 17A0639518
|o snkSP 3435
|0 0
|1 0
|4 0
|d 2015-07-15
|f 1
|l 0
|r 2026-02-24 21:54:28
|w 2026-02-24
|